Theatre and its other: abhinavagupta on dance and dramatic acting (Record no. 1227159)

MARC details
000 -LEADER
fixed length control field 00715nam a2200229Ia 4500
005 - DATE AND TIME OF LATEST TRANSACTION
control field 20241129110047.0
008 - FIXED-LENGTH DATA ELEMENTS--GENERAL INFORMATION
fixed length control field 241129s9999||||xx |||||||||||||| ||und||
020 ## - INTERNATIONAL STANDARD BOOK NUMBER
International Standard Book Number 9789004449817
037 ## - SOURCE OF ACQUISITION
Stock number TB
040 ## - CATALOGING SOURCE
Original cataloging agency ARTS
Language of cataloging eng
Transcribing agency ARTS
041 ## - LANGUAGE CODE
Language code of text/sound track or separate title eng
Source of code san
084 ## - COLON CLASSIFICATION NUMBER
Classification number O15,2:g 111R2
Assigning agency ARTS
100 ## - MAIN ENTRY--PERSONAL NAME
Personal name Ganser Elisa Au.
9 (RLIN) 727065
245 #0 - TITLE STATEMENT
Title Theatre and its other: abhinavagupta on dance and dramatic acting
Statement of responsibility, etc. Ganser Elisa Au.
260 ## - PUBLICATION, DISTRIBUTION, ETC.
Place of publication, distribution, etc. Netherlands
Name of publisher, distributor, etc. Leiden Brill The Netherlands
Date of publication, distribution, etc. 2023
300 ## - PHYSICAL DESCRIPTION
Extent xii,413p.
365 ## - TRADE PRICE
Price type code EUR
Price amount 70
546 ## - LANGUAGE NOTE
Language note Translated from Sanskrit to English
650 ## - SUBJECT ADDED ENTRY--TOPICAL TERM
Topical term or geographic name entry element Sanskrit DramaCriticism
9 (RLIN) 727066
942 ## - ADDED ENTRY ELEMENTS (KOHA)
Koha item type Textbook
Classification part O15,2:g 111R2
Holdings
Withdrawn status Lost status Damaged status Not for loan Home library Current library Date acquired Source of acquisition Cost, normal purchase price Inventory number Total Checkouts Full call number Barcode Date last seen Price effective from Koha item type
        Arts Library Arts Library 2024-11-29 Segment Book Distributors 70.00 67176 & 19/12/2023   O15,2:g 111R2 AL1803192 2024-11-29 2024-11-29 Textbook
Copyright @ Delhi University Library System